| 000 | 00441nam a2200181Ia 4500 | ||
|---|---|---|---|
| 001 | 20003 | ||
| 005 | 20260306172734.0 | ||
| 008 | 260306t2003||||xx |||||||||||||| ||spa|| | ||
| 041 | _aESP | ||
| 082 |
_a342.104 _bF39 |
||
| 100 |
_aFernández Sessarego, Carlos _eAUT |
||
| 245 | 0 | _aLibertad, constitución y derechos humanos | |
| 260 | _c2003 | ||
| 300 |
_apágs. : _ccm. |
||
| 650 | _aGEN | ||
| 654 | _aCDE | ||
| 942 |
_cLIB _dJUS _fJUS _2ddc _n |
||
| 999 |
_c20003 _d20003 |
||